02411cam a22003494i 4500003000900000005001700009008004100026020001800067035002000085040003300105082001900138245011500157264003300272300005500305336002100360337002500381338002300406504004000429504003400469505130000503526000901803526000901812526000801821526000801829526000801837630002801845630006401873650003301937700003201970700002702002700003202029PE-LiUPU20250731183410.0171227s2017 gaua rb 001 0 eng d a9781628371727 a(Sirsi) a240742 aPE-LiUPUbspacPE-LiUPUerda04a755.4bT4622304aThe art of visual exegesis :brhetoric, texts, images /cVernon K. Robbins, Walter S. Melion, and Roy R. Jeal. 1aAtlanta :bSBL Press ;c2017 a511 páginas :bilustraciones ;c23 centímetros atext2rdacontent aunmediated2rdamedia avolume2rdacarrier aBibliografía : páginas 441-483. aÍndice : páginas 497-511.0 aMethodology for visual exegesis and rhetrography. New Testament texts, visual naterial culture, and earliest christian art ; Visual interpretationL blending rhetorical arts in Colossians 2:6-3:4 ; Methodology underlying the presentation of visual texture in the Gospel of John ; Eyes wide open, seeing nothing: the challenge of the Gospel of John's nonvisualizable texture for readings using visual texture -- visual exegesis using Roman visual material culture. Paul, imperial situation, and visualization in the Epistle to the Colossians ; The Galatian suicide and the transbinary semiotics of Christ curcified (Galatians 3:1): exercises in visual exegesis and critical reimagination ; Armor, peace, and gladiators: a visual exegesis of Ephesians 6:10-17 -- visual exegesis using Christian art. Graphic exegesis: reflections on the difficulty of talking about biblical images, pictures, and texts ; The gifts of epiphany: Geertgen tot Sint Jans and the adoration of the magi ; "Exactitude and fidelity"? Paintings of Christ healing the blind by Nicolas Poussin and Philippe de Champaigne ; Topos versus Topia: Herri me de Bles's visual exegesis of the parable of the Good Samaritan ; Signa resurrectionis: vision, image, and pictorial proof in Pieter Bruegel's resurrection of Circa 1562-1563. aP158 aP146 aP17 aP12 aP0604aBiblia.xIlustraciones.04aBiblia.pN.T.xCrítica, interpretación, etc.xHistoria.04aArte cristiano y simbolismo.1 aMelion, Walter S.,eeditor.1 aJeal, Roy R.,eeditor.1 aMelion, Walter S.,eeditor.